000 00939nam a2200277Ia 4500
003 OSt
005 20220926033916.0
006 a|||||r|||| 00| 0
007 ta
008 220923b |||||||| |||| 00| 0 eng d
020 _a0631200649
_c1736.73
037 _b1781, 22/07/2006, P.T. BOOKS INTERNATIONAL
_cGeneral Book
040 _aRTL
_cRTL
_beng
041 _2eng
_aeng
082 _aY:3(N), P0
100 _aHarrison Charles Ed.
_9142667
245 0 _aArt in theory 1648-1815
_b An anthology of changing ideas
260 _aVictoria
_bBlackwell Publishers
_c2000
300 _axxii, 1220p
_ccm.
500 _aBibliography: p 1180-1193
650 _aSociology
700 _a Gaiger Jason Ed.
_9142668
700 _a Wood Paul Ed.
_9142669
942 _hY:3(N), P0
_cGB
_2CC
999 _c658265
_d658265